Perspectivas del fenómeno religioso /

में बचाया:
ग्रंथसूची विवरण
मुख्य लेखक: Blancarte, Roberto J.
निगमित लेखक: FLACSO
अन्य लेखक: comp. Casillas R, Rodolfo comp
स्वरूप: मूलपाठ
प्रकाशित: México, D.F: FLACSO
विषय:
टैग: टैग जोड़ें
कोई टैग नहीं, इस रिकॉर्ड को टैग करने वाले पहले व्यक्ति बनें!

MARC

LEADER 00000 a a2200000 04500
001 26852
003
040
020 |a 970-628-435-4  
090 |a 146500  
100 |a Blancarte, Roberto J.  
110 |a FLACSO  
245 |a Perspectivas del fenómeno religioso /  |c Roberto J. Blancarte 
260 |a México, D.F:   |b FLACSO  
300 |a 265 p  
650 |a RELIGION  
650 |a POLITICA  
650 |a DESARROLLO ECONOMICO Y SOCIAL  
650 |a EMIGRANTES  
650 |a INVESTIGACION  
650 |a SOCIOLOGIA  
650 |a ANALISIS HISTORICO  
650 |a IGLESIA CATOLICA  
650 |a PODER POLITICO  
650 |a TEORIA  
650 |a METODOLOGIA  
700 |a comp.   |a Casillas R, Rodolfo   |a comp.  
999 |c 13382  |d 13382